000 01727cam a2200421 a 4500
001 12887981
003 OSt
005 20140310181951.0
008 020808r20021887nyu j 000 1 eng d
010 _a 2002510686
020 _a0439295785
035 _a(OCoLC)ocm49962613
040 _aBKL
_cBKL
_dDLC
042 _alccopycat
043 _ae-uk-st
050 0 0 _aPZ 7
_bSt848
082 0 0 _aKF Il6stk
_b1977
100 1 _aStevenson, Robert Louis,
_d1850-1894.
_94314
245 1 0 _aKidnapped /
_cRobert Louis Stevenson ; with an introduction by Sid Hite.
260 _aNew York :
_bScholastic,
_cc1977.
300 _a276 p. ;
_c14 cm.
440 0 _aScholastic classics
_94315
520 _aIn 1751 in Scotland, cheated out of his inheritance by a greedy uncle who has him kidnapped and put on a ship to the Carolinas, seventeen-year-old David Balfour escapes to the Highlands with the help of the Jacobite Alan Breck Stewart and there encounters further danger and intrigue as he attempts to clear his name and regain his property.
521 _aFaculty.
541 _j1
562 _e1
650 0 _aKidnapping victims
_vFiction.
_94316
650 0 _aDisinheritance
_vFiction.
_94317
650 0 _aTeenage boys
_vFiction.
_94318
650 0 _aJacobites
_vFiction.
_94319
651 0 _aScotland
_xHistory
_y18th century
_vFiction.
_94320
655 7 _aHistorical fiction.
_2gsafd
_92926
700 1 _aHite, Sid.
_94321
856 4 2 _3Publisher description
_uhttp://www.loc.gov/catdir/enhancements/fy1203/2002510686-d.html
906 _a7
_bcbc
_ccopycat
_d2
_encip
_f20
_gy-gencatlg
942 _2lcc
_cBK-KF
_kKF
999 _c7869
_d7869